000 00720nam a2200217 u 4500
005 20250924063933.0
008 080610s2000 es r 000 0 spa d
020 _a8495129604
035 _aUPN01000156736
049 _aI
050 4 _aPZ78
_bH5.6
100 1 _aHidalgo, Héctor,
_d1947-
_932306
245 1 0 _aPiratas del internet :
_bmemorias del capitán Barbalisa /
_cHéctor Hidalgo ; il. de Fran Bravo.
260 _a[Madrid?] :
_bSarriá,
_c[2000?].
300 _a76 p. :
_bil. col.
440 0 _aLeones ;
_v14.
_pA partir de 9 años
650 4 _aPIRATAS -
_vLITERATURA JUVENIL
_98754
650 4 _aFantasmas
_vLiteratura infantil
_911355
650 4 _aINTERNET -
_vLITERATURA JUVENIL
_912318
905 _aInfantil
999 _c128850
_d128850